000
00464nam a2200157Ia 4500
003
LDD
008
190117s9999 xx 000 0 und d
020
_c
₹150
040
_c
LDD
041
_a
hi
100
_a
नगेन्द्र
245
0
_a
मैथिलीशरण गुप्त काव्य-संदर्भ कोश
_c
नगेन्द्र
260
_a
दिल्ली
_b
प्रभात
_c
1987
300
_a
248
942
_2
ddc
_c
H
999
_c
161877
_d
161877